000 00572nam a2200181Ia 4500
003 GCL
008 140319s9999 xx 000 0 ara d
040 _aGCL /
_cGCL
082 0 4 _a962.4
_bم س1
100 1 _aمأمون محمد الامين
245 1 0 _aالسودان : ومؤامرات الاستعمار /
_cمأمون محمد الامين
260 _a[S.N] :
_bدار الفكر ،
_c1957
300 _a68 ص
490 _a
650 0 4 _aالاحوال السياسية
650 0 4 _aالسودان - تاريخ - العصر الحديث
942 _2ddc
_cBK
999 _c50054
_d50054